Design, Development And Evaluation Of An English For Synthesis Writing Mobile Learning Module (SEESOAR) For A Defense University

Saved in:
Bibliographic Details
Main Author: Emily Binti Abd Rahman (Author)
Format: Thesis Book
Language:English
Published: Kuala Lumpur Universiti Kebangsaan Malaysia 2024
Series:Tesis
Thesis
Tags: Add Tag
No Tags, Be the first to tag this record!
Call Number :

MARC

LEADER 00000nam a22000007a 4500
001 107002
003 MY-KlNDU
005 20250527120316.0
008 250527b |||||||| |||| 00| 0 eng d
040 |a MY-KlNDU  |b eng  |c MY-KlNDU  |d rda 
100 |e author  |a Emily Binti Abd Rahman 
245 |a Design, Development And Evaluation Of An English For Synthesis Writing Mobile Learning Module (SEESOAR) For A Defense University  |c Emily Binti Abd Rahman 
264 1 |a Kuala Lumpur  |b Universiti Kebangsaan Malaysia   |c 2024 
300 |a xx 
336 |2 rda  |a text 
337 |2 rdamedia  |a unmediated 
338 |2 rdacarrier  |a volume 
490 1 |a Tesis 
490 1 |a Thesis 
500 |a xx 
502 |a xx 
830 0 |a Tesis 
830 0 |a Thesis 
942 |2 lcc  |c 22  |n 0 
999 |c 107002  |d 107002